El desafío latinoamericano

Uloženo v:
Podrobná bibliografie
Hlavní autor: Cordeiro, José Luis (Autor)
Médium: Kniha
Jazyk:španělština
Vydáno: Caracas McGraw-Hill Interamericana 2007
Vydání:2a. ed
Témata:
Tagy: Přidat tag
Žádné tagy, Buďte první, kdo vytvoří štítek k tomuto záznamu!

MARC

LEADER 00000cam a2200000 a 4500
001 UCG8972
003 CL-VaPUC
008 120120e20070000VE |||||||||||||||||spa|d
020 |a 9789803730574 
082 0 4 |a 303.44  |b COR  |2 21 
100 0 |a Cordeiro, José Luis  |e author  |9 560283 
245 1 3 |a El desafío latinoamericano 
250 |a 2a. ed 
300 |a 342 p 
942 |c BK 
945 |d 20120120 00:00:00  |a cmena 
260 |a Caracas  |b McGraw-Hill Interamericana  |c 2007 
650 0 |a Desarrollo económico y social   |9 256320 
650 0 |a Cambio social   |9 256857 
650 0 |a Desarrollo cultural  |9 267526 
651 0 |a América  |9 255182 
583 |a last modification  |c 20120120 10:38:00  |k Rodrigo Vera 
999 |c 346557  |d 346555 
952 |0 0  |1 0  |4 0  |6 303_440000000000000_COR_2007  |7 0  |8 ED_SUP  |9 447295  |a BIBGIM  |b BIBGIM  |c S_PSTGRDO  |d 2019-11-22  |i 4835603  |o 303.44 COR 2007  |p 4835603  |r 2025-01-15  |w 2019-11-22  |y BK_X  |k ESU